| 000 | 00000nam##2200000za#4500 |
| 001 | 9.625962 |
| 003 | CaOODSP |
| 005 | 20210615104251 |
| 007 | ta |
| 008 | 150406|2002||||xxc||||| f|0| 0 fre|d |
| 040 | |aCaOODSP|bfre |
| 043 | |an-cn--- |
| 086 | 1 |aNH18-23/102F |
| 110 | 2 |aSociété canadienne d'hypothèques et de logement. |
| 245 | 10|aInitiatives visant à conserver le parc de maison de chambres et à en stabiliser l'occupation |
| 260 | |aOttawa - Ontario : |bSociété canadienne d'hypothèques et de logement |c2002. |
| 300 | |a5p. ; |c28 cm. |
| 490 | 1 |aLe point en recherche. Série socio-économique |v102 |
| 563 | |aDépliant |
| 590 | |a02-34|b2002-08-23 |
| 691 | 07|aLogement|2gcpds |
| 691 | 07|aLocation|2gcpds |
| 775 | 08|tInitiatives to maintain rooming house / single room occupancy stock and stabilize tenancies |w(CaOODSP)9.616013 |
| 776 | 0#|tInitiatives visant à conserver le parc de maisons de chambres et à en stabiliser l'occupation |w(CaOODSP)9.602139 |
| 830 | #0|aLe point en recherche. Série socio-économique ;|v102|w(CaOODSP)9.513180 |
| 986 | |a62778 |